| 000 | 00449nam a2200169Ia 4500 | ||
|---|---|---|---|
| 008 | 210210b2002 xxu||||| |||| 00| 0 eng d | ||
| 020 | _a81 7581 016 5 | ||
| 082 | _a822.33T-6 TILS | ||
| 100 | _aTILAK (Raghukul) and GUPTA (Anupam). | ||
| 245 | _aStudy guide notes: Shakespeare Macbeth Ed.9 | ||
| 250 | _a | ||
| 260 |
_aND _bRama brothers _c2002 |
||
| 300 | _a198 | ||
| 650 | _aShakespeare Macbeth | ||
| 690 | _aEnglish Drama | ||
| 906 | _a059341 | ||
| 999 |
_c106468 _d106468 |
||